| 000 | 00360nam a22001577a 4500 | ||
|---|---|---|---|
| 003 | OSt | ||
| 020 | _a8185749639 | ||
| 040 |
_c0 _d0 |
||
| 082 |
_222 _a629.04 |
||
| 100 | _aUpadhyay, A.K | ||
| 245 | _aTransportation engineering / | ||
| 250 | _a2nd ed | ||
| 260 |
_aNew Delhi, _bS.K Kataria and Sons, _cc2011. |
||
| 300 |
_a349 p. ; _bill. ; |
||
| 942 |
_2ddc _cCIVIL |
||
| 999 |
_c4783 _d4783 |
||